{"text_format":"1","workbook":"xlsx","n_sheets":2,"sheets":["Форма №4 (базовые цены)","Лист1"],"not_rendered":{"charts":0,"images":0,"macros":0,"external_links":0,"defined_names":2,"comments":0,"pivot_tables":0},"unopened":[],"bounds":{"document_bytes":16777216,"sheet_cells":100000,"rows_first":2000,"rows_last":500,"rows_between":2000,"halvings":0,"cell_chars":16384,"cell_head_chars":4096},"cells_cut":0,"cells_raw":0,"read":"whole","date_system":"1900"}

{"sheet":"Форма №4 (базовые цены)","index":0,"n_rows":139,"n_cols":12,"rows_kept":139,"cut":false,"hidden":false,"merged":[[137,0,137,11],[138,0,138,11],[139,0,139,11],[140,0,140,11],[20,0,20,11],[63,0,63,11],[133,0,133,11],[134,0,134,11],[135,0,135,11],[136,0,136,11],[14,0,14,11],[15,0,15,11],[16,0,18,0],[16,1,18,1],[16,2,18,2],[16,3,18,3],[16,4,18,4],[16,5,16,6],[16,7,16,9],[16,10,16,11],[17,7,18,7],[17,8,18,8],[17,10,17,11],[12,0,12,11],[13,0,13,11],[7,0,7,5],[7,6,7,11],[8,6,8,11],[9,0,9,11],[10,0,10,11],[11,0,11,11],[4,0,4,5],[4,6,4,11],[5,0,5,5],[5,6,5,11],[6,0,6,5],[6,6,6,11],[0,0,0,5],[0,6,0,11],[2,0,2,5],[2,6,2,11],[3,0,3,5],[3,6,3,11]]}
["Адепт:Управление строительством v 8.3 © ООО\"Адепт\"",null,null,null,null,null,"Форма №4 (базовые цены)"]
[]
["СОГЛАСОВАНО",null,null,null,null,null,"УТВЕРЖДАЮ"]
[]
[]
["________________________",null,null,null,null,null,"___________________________"]
[]
["\"____\"____________________г.",null,null,null,null,null,"\"____\"____________________г."]
[]
[]
["ЛОКАЛЬНЫЙ СМЕТНЫЙ РАСЧЕТ № 1 от 28.04.2018"]
["(ЛОКАЛЬНАЯ СМЕТА)"]
[]
["Основание: "]
["Составлен(а) в базовых ценах по состоянию на ___квартал___201___ год"]
[]
["№ пп","Обоснование","Наименование работ и затрат","Ед. изм.","Кол-во","ЦЕНА ЕДИНИЦЫ",null,"ОБЩАЯ СТОИМОСТЬ",null,null,"Затр. тр. раб."]
[null,null,null,null,null,"всего","экс. машин","всего","зарплата","экс. машин","Затр. тр. маш."]
[null,null,null,null,null,"зарплата","ЗП маш",null,null,"ЗП маш","единич","всего"]
["1","2","3","4","5","6","7","8","9","10","11","12"]
["Раздел №1 раздел 1"]
["1","ФЕРр57-6-6","Циклевка паркетных полов\nНР: (80,00/68,00% от ФОТ); \nСП: (68,00/61,00% от ФОТ); ","100 м2",1.073,"1 899,32\n310,49","48,41\n0,00",2037.97,333.16,"51,94\n0,00","36,4\n0","39,0572\n0"]
["2","ФЕРр62-45-1","Снятие многослойных лакокрасочных покрытий с поля (прим)\nНР: (80,00/68,00% от ФОТ); \nСП: (50,00/45,00% от ФОТ); ","м2",107.3,"14,84\n14,84","0,00\n0,00",1592.33,1592.33,"0,00\n0,00","1,74\n0","186,702\n0"]
[null,"01.7.17.11","Бумага наждачная","м2",1.8241000000000001,0,null,0]
["3","ФЕР46-02-009-02","Отбивка штукатурки с поверхностей стен и потолков кирпичных\nНР: (99,00/84,00% от ФОТ); \nСП: (60,00/54,00% от ФОТ); ","100 м2",0.5,"178,00\n178,00","0,00\n0,00",89,89,"0,00\n0,00","22,82\n0","11,41\n0"]
["4","ФЕР15-02-036-01","Штукатурка по сетке без устройства каркаса улучшенная стен\n{Прил. прик. Минстроя № 1028/пр от 29.12.2016 г. п.8.7.1 (К Кзтр=1.15; Кзтм=1.25; Квэм=1.25)}\nНР: (95,00/80,00% от ФОТ); \nСП: (47,00/42,00% от ФОТ); ","100 м2",0.5,"6 206,72\n1 371,88","66,55\n23,70",3103.37,685.94,"33,28\n11,85","149,4425\n1,8","74,72125\n0,9"]
["5","ФЕРр61-1-9","Сплошное выравнивание внутренних поверхностей (однослойное оштукатуривание) из сухих растворных смесей толщиной до 10 мм для последующей окраски или оклейки обоями стен\nНР: (79,00/67,00% от ФОТ); \nСП: (50,00/45,00% от ФОТ); ","100 м2",0.89,"321,53\n303,12","17,16\n10,18",286.16000000000003,269.77999999999997,"15,27\n9,06","35,83\n0,94","31,8887\n0,8366"]
[null,"04.3.02.05-0002","Смесь штукатурная «Ротбанд», КНАУФ","кг",760.95,2.0699999999999998,null,1575.17]
[null,"14.3.01.01-0001","Грунтовка: «Бетоконтакт», КНАУФ","кг",11.731299999999999,15.09,null,177.03]
["6","ФЕР15-04-025-08","Улучшенная окраска масляными составами по штукатурке стен\n{Прил. прик. Минстроя № 1028/пр от 29.12.2016 г. п.8.7.1 (К Кзтр=1.15; Кзтм=1.25; Квэм=1.25)}\nНР: (95,00/80,00% от ФОТ); \nСП: (47,00/42,00% от ФОТ); ","100 м2",0.89,"1 240,43\n532,06","9,43\n1,78",1103.98,473.53,"8,39\n1,58","58,6615\n0,15","52,20874\n0,1335"]
[null,"14.3.02.01-0302","Краска высокогибкая эластичная тип \"Оптимист\" резиновая (прим.), цвет беж.","т",1.635E-2,43956.3,null,718.65]
["7","ФЕРм08-03-594-14","Светильник в подвесных потолках, устанавливаемый на профиле, количество ламп в светильнике до 4\nНР: (95,00/81,00% от ФОТ); \nСП: (65,00/59,00% от ФОТ); ","100 шт",0.12,"3 323,23\n2 118,91","185,15\n24,85",398.79,254.27,"22,22\n2,98","213,6\n1,98","25,632\n0,2376"]
["8","20.3.03.04-0355","Светильники люминесцентные с зеркальной экранирующей решеткой потолочные типа ARS/S 436 с ЭМПРА","шт.",12,729.75,null,8757]
["9","ФЕРр57-3-1","Разборка плинтусов деревянных и из пластмассовых материалов\nНР: (80,00/68,00% от ФОТ); \nСП: (68,00/61,00% от ФОТ); ","100 м",0.34499999999999997,"29,41\n29,41","0,00\n0,00",10.15,10.15,"0,00\n0,00","3,77\n0","1,30065\n0"]
[null,"01.7.07.07","Строительный мусор","т",3.7949999999999998E-2,0,null,0]
["10","ФЕР11-01-039-01","Устройство плинтусов деревянных\n{Прил. прик. Минстроя № 1028/пр от 29.12.2016 г. п.8.7.1 (К Кзтр=1.15; Кзтм=1.25; Квэм=1.25)}\nНР: (111,00/94,00% от ФОТ); \nСП: (64,00/57,00% от ФОТ); ","100 м",0.34499999999999997,"578,73\n75,34","6,96\n1,34",199.66,25.99,"2,40\n0,46","8,832\n0,1125","3,04704\n0,03881"]
["11","ФЕР15-04-029-02","Покрытие полов лаком по огрунтованной или окрашенной поверхности за 2 раза плинтус\n{Прил. прик. Минстроя № 1028/пр от 29.12.2016 г. п.8.7.1 (К Кзтр=1.15; Кзтм=1.25; Квэм=1.25)}\nНР: (95,00/80,00% от ФОТ); \nСП: (47,00/42,00% от ФОТ); ","100 м2",0.107,"139,51\n136,30","2,85\n0,61",14.92,14.58,"0,30\n0,07","14,168\n0,05","1,51598\n0,00535"]
[null,"14.4.03.01-0004","Лак алкидный паркетный","т",2.2300000000000002E-3,15287,null,34.020000000000003]
["12","ФЕР15-04-029-01","Покрытие полов лаком по огрунтованной или окрашенной поверхности за 1 раз\n{Прил. прик. Минстроя № 1028/пр от 29.12.2016 г. п.8.7.1 (К Кзтр=1.15; Кзтм=1.25; Квэм=1.25)}\nНР: (95,00/80,00% от ФОТ); \nСП: (47,00/42,00% от ФОТ); ","100 м2",1.073,"55,45\n53,99","1,21\n0,33",59.5,57.93,"1,30\n0,35","5,612\n0,025","6,02168\n0,02683"]
[null,"14.5.09.07","Растворитель","т",4.2999999999999999E-4,0,null,0]
[null,"14.4.03.01-0004","Лак алкидный паркетный","т",1.18E-2,15287,null,180.43]
["13","ФЕР15-04-029-02","Покрытие полов лаком по огрунтованной или окрашенной поверхности за 2 раза\n{Прил. прик. Минстроя № 1028/пр от 29.12.2016 г. п.8.7.1 (К Кзтр=1.15; Кзтм=1.25; Квэм=1.25)}\nНР: (95,00/80,00% от ФОТ); \nСП: (47,00/42,00% от ФОТ); ","100 м2",1.073,"139,51\n136,30","2,85\n0,61",149.69999999999999,146.25,"3,06\n0,66","14,168\n0,05","15,20226\n0,05365"]
[null,"14.4.03.01-0004","Лак алкидный паркетный","т",2.232E-2,15287,null,341.18]
["14","ФЕРр56-9-1","Демонтаж дверных коробок в каменных стенах с отбивкой штукатурки в откосах \n[(3+2)/100]\nНР: (82,00/70,00% от ФОТ); \nСП: (62,00/56,00% от ФОТ); ","100 шт",0.05,"1 579,15\n1 437,99","141,16\n0,00",78.959999999999994,71.900000000000006,"7,06\n0,00","179,3\n0","8,965\n0"]
[null,"01.7.07.07","Строительный мусор","т",0.52500000000000002,0,null,0]
["15","ФЕРр56-10-1","Снятие дверных полотен \n[(0,9*2,1+0,8*2+1,05*3+1,05+1,05)/100]\nНР: (82,00/70,00% от ФОТ); \nСП: (62,00/56,00% от ФОТ); ","100 м2",8.6999999999999994E-2,"288,06\n288,06","0,00\n0,00",25.06,25.06,"0,00\n0,00","36,28\n0","3,15636\n0"]
[null,"01.7.07.07","Строительный мусор","т",0.10266,0,null,0]
["16","ФЕР09-04-012-01","Установка металлических дверных блоков в готовые проемы\n{Прил. прик. Минстроя № 1028/пр от 29.12.2016 г. п.8.7.1 (К Кзтр=1.15; Кзтм=1.25; Квэм=1.25)} \n[0,9*2,1+0,8*2+1,05*3]\nНР: (81,00/69,00% от ФОТ); \nСП: (72,00/65,00% от ФОТ); ","м2",6.64,"71,11\n27,38","18,01\n2,46",472.19,181.81,"119,60\n16,35","2,76\n0,2125","18,3264\n1,411"]
[null,"01.7.04.07-0011","Скобяные изделия для блоков входных однопольных","компл.",3,94.68,null,284.04000000000002]
[null,"07.1.01.01-0016","Дверь противопожарная металлическая однопольная ДПМ-01/60, размером 800х2100 мм","шт.",1,2884.6,null,2884.6]
[null,"07.1.01.01-0013","Дверь противопожарная металлическая однопольная ДПМ-01/30, размером 900х2100 мм","шт.",1,2640.46,null,2640.46]
[null,"07.1.01.01-0015","Дверь противопожарная металлическая однопольная ДПМ-01/30, размером 1050х3000 мм","шт.",1,2900.88,null,2900.88]
["17","ФЕР10-01-047-01","Установка блоков из ПВХ в наружных и внутренних дверных проемах в каменных стенах площадью проема до 3 м2\n{Прил. прик. Минстроя № 1028/пр от 29.12.2016 г. п.8.7.1 (К Кзтр=1.15; Кзтм=1.25; Квэм=1.25)} \n[(1,05+1,05)/100]\nНР: (106,00/90,00% от ФОТ); \nСП: (54,00/48,00% от ФОТ); ","100 м2",2.1000000000000001E-2,"16 299,84\n2 047,99","334,25\n69,49",342.3,43.01,"7,02\n1,46","231,15\n5,775","4,85415\n0,12128"]
[null,"11.3.01.02-0002","Блоки дверные входные пластиковые с простой коробкой, однопольная с клювовой фурнитурой, без стеклопакета по типу сэндвич, площадь до 1,5 м2","м2",2.1,1625.86,null,3414.31]
["18","ФЕР10-01-060-01","Установка и крепление наличников\n{Прил. прик. Минстроя № 1028/пр от 29.12.2016 г. п.8.7.1 (К Кзтр=1.15; Кзтм=1.25; Квэм=1.25)}\nНР: (106,00/90,00% от ФОТ); \nСП: (54,00/48,00% от ФОТ); ","100 м",0.08,"85,26\n73,47","3,29\n0,58",6.82,5.88,"0,26\n0,05","8,993\n0,05","0,71944\n0,004"]
[null,"11.3.03.02-0001","Наличники из ПВХ, шириной 40 мм","м",8.9600000000000009,19.37,null,173.56]
["19","ФЕР20-02-003-08","Установка решеток жалюзийных стальных регулирующих (РР), номер 4, размер 200х300 мм\n{Прил. прик. Минстроя № 1028/пр от 29.12.2016 г. п.8.7.1 (К Кзтр=1.15; Кзтм=1.25; Квэм=1.25)}\nНР: (115,00/98,00% от ФОТ); \nСП: (71,00/63,00% от ФОТ); ","шт",3,"78,44\n12,06","2,04\n0,15",235.32,36.19,"6,11\n0,45","1,3455\n0,0125","4,0365\n0,0375"]
["20","ФЕР15-04-039-07","Покрытие масляными или спиртовыми лаками по проолифленной поверхности заполнений дверных проемов за 2 раза\n{Прил. прик. Минстроя № 1028/пр от 29.12.2016 г. п.8.7.1 (К Кзтр=1.15; Кзтм=1.25; Квэм=1.25)}\nНР: (95,00/80,00% от ФОТ); \nСП: (47,00/42,00% от ФОТ); ","100 м2",0.1,"257,54\n254,33","2,85\n0,61",25.75,25.43,"0,28\n0,06","26,4385\n0,05","2,64385\n0,005"]
[null,"14.4.03.01-0002","Лак алкидный PETSILAKKA, TIKKURILA тонированный глянцевый","кг",2.5499999999999998,58.58,null,149.38]
[null,null,"Итого ПЗ по разделу 1:",null,null,null,null,34462.639999999999,4342.1899999999996,"278,49\n45,38",null,"491,41\n3,81"]
[null,null,"Итого по разделу 1:",null,null,null,null,34462.639999999999,4342.1899999999996,"278,49\n45,38",null,"491,41\n3,81"]
[null,null,"Накладные расходы",null,null,null,null,3813.56]
[null,null,"Сметная прибыль",null,null,null,null,2329.17]
["Раздел №2 раздел 2"]
["21","ФЕРр57-6-6","Циклевка паркетных полов\nНР: (80,00/68,00% от ФОТ); \nСП: (68,00/61,00% от ФОТ); ","100 м2",0.38500000000000001,"1 899,32\n310,49","48,41\n0,00",731.24,119.54,"18,64\n0,00","36,4\n0","14,014\n0"]
["22","ФЕРр62-45-1","Снятие многослойных лакокрасочных покрытий с поля (прим)\nНР: (80,00/68,00% от ФОТ); \nСП: (50,00/45,00% от ФОТ); ","м2",0.38500000000000001,"14,84\n14,84","0,00\n0,00",5.71,5.71,"0,00\n0,00","1,74\n0","0,6699\n0"]
[null,"01.7.17.11","Бумага наждачная","м2",6.5500000000000003E-3,0,null,0]
["23","ФЕР15-04-029-02","Покрытие полов лаком по огрунтованной или окрашенной поверхности за 2 раза плинтус\n{Прил. прик. Минстроя № 1028/пр от 29.12.2016 г. п.8.7.1 (К Кзтр=1.15; Кзтм=1.25; Квэм=1.25)}\nНР: (95,00/80,00% от ФОТ); \nСП: (47,00/42,00% от ФОТ); ","100 м2",3.7999999999999999E-2,"139,51\n136,30","2,85\n0,61",5.3,5.18,"0,11\n0,02","14,168\n0,05","0,53838\n0,0019"]
[null,"14.4.03.01-0004","Лак алкидный паркетный","т",7.9000000000000001E-4,15287,null,12.08]
["24","ФЕР15-04-029-01","Покрытие полов лаком по огрунтованной или окрашенной поверхности за 1 раз\n{Прил. прик. Минстроя № 1028/пр от 29.12.2016 г. п.8.7.1 (К Кзтр=1.15; Кзтм=1.25; Квэм=1.25)}\nНР: (95,00/80,00% от ФОТ); \nСП: (47,00/42,00% от ФОТ); ","100 м2",0.38500000000000001,"55,45\n53,99","1,21\n0,33",21.36,20.79,"0,47\n0,13","5,612\n0,025","2,16062\n0,00963"]
[null,"14.5.09.07","Растворитель","т",1.4999999999999999E-4,0,null,0]
[null,"14.4.03.01-0004","Лак алкидный паркетный","т",4.2399999999999998E-3,15287,null,64.739999999999995]
["25","ФЕР15-04-029-02","Покрытие полов лаком по огрунтованной или окрашенной поверхности за 2 раза\n{Прил. прик. Минстроя № 1028/пр от 29.12.2016 г. п.8.7.1 (К Кзтр=1.15; Кзтм=1.25; Квэм=1.25)}\nНР: (95,00/80,00% от ФОТ); \nСП: (47,00/42,00% от ФОТ); ","100 м2",0.38500000000000001,"139,51\n136,30","2,85\n0,61",53.71,52.47,"1,10\n0,24","14,168\n0,05","5,45468\n0,01925"]
[null,"14.4.03.01-0004","Лак алкидный паркетный","т",8.0099999999999998E-3,15287,null,122.42]
["26","ФЕРр57-3-1","Разборка плинтусов деревянных и из пластмассовых материалов\nНР: (80,00/68,00% от ФОТ); \nСП: (68,00/61,00% от ФОТ); ","100 м",0.376,"29,41\n29,41","0,00\n0,00",11.06,11.06,"0,00\n0,00","3,77\n0","1,41752\n0"]
[null,"01.7.07.07","Строительный мусор","т",4.1360000000000001E-2,0,null,0]
["27","ФЕР11-01-039-01","Устройство плинтусов деревянных\n{Прил. прик. Минстроя № 1028/пр от 29.12.2016 г. п.8.7.1 (К Кзтр=1.15; Кзтм=1.25; Квэм=1.25)}\nНР: (111,00/94,00% от ФОТ); \nСП: (64,00/57,00% от ФОТ); ","100 м",0.376,"578,73\n75,34","6,96\n1,34",217.61,28.33,"2,62\n0,50","8,832\n0,1125","3,32083\n0,0423"]
["28","ФЕР15-01-047-15","Устройство подвесных потолков типа \"Армстронг\" по каркасу из оцинкованного профиля\n{Прил. прик. Минстроя № 1028/пр от 29.12.2016 г. п.8.7.1 (К Кзтр=1.15; Кзтм=1.25; Квэм=1.25)}\nНР: (95,00/80,00% от ФОТ); \nСП: (47,00/42,00% от ФОТ); ","100 м2",0.38500000000000001,"6 848,88\n1 107,59","405,89\n79,24",2636.82,426.42,"156,27\n30,51","117,829\n6,675","45,36417\n2,56988"]
["29","ФЕРм08-03-594-14","Светильник в подвесных потолках, устанавливаемый на профиле, количество ламп в светильнике до 4\nНР: (95,00/81,00% от ФОТ); \nСП: (65,00/59,00% от ФОТ); ","100 шт",0.05,"3 323,23\n2 118,91","185,15\n24,85",166.17,105.95,"9,26\n1,24","213,6\n1,98","10,68\n0,099"]
["30","20.3.03.04-0355","Светильники люминесцентные с зеркальной экранирующей решеткой потолочные типа ARS/S 436 с ЭМПРА","шт.",5,729.75,null,3648.75]
["31","ФЕР46-02-009-02","Отбивка штукатурки с поверхностей стен и потолков кирпичных\nНР: (99,00/84,00% от ФОТ); \nСП: (60,00/54,00% от ФОТ); ","100 м2",0.7,"178,00\n178,00","0,00\n0,00",124.6,124.6,"0,00\n0,00","22,82\n0","15,974\n0"]
["32","ФЕР15-02-036-01","Штукатурка по сетке без устройства каркаса улучшенная стен\n{Прил. прик. Минстроя № 1028/пр от 29.12.2016 г. п.8.7.1 (К Кзтр=1.15; Кзтм=1.25; Квэм=1.25)}\nНР: (95,00/80,00% от ФОТ); \nСП: (47,00/42,00% от ФОТ); ","100 м2",0.7,"6 206,72\n1 371,88","66,55\n23,70",4344.7,960.32,"46,58\n16,59","149,4425\n1,8","104,60975\n1,26"]
["33","ФЕРр61-1-9","Сплошное выравнивание внутренних поверхностей (однослойное оштукатуривание) из сухих растворных смесей толщиной до 10 мм для последующей окраски или оклейки обоями стен\nНР: (79,00/67,00% от ФОТ); \nСП: (50,00/45,00% от ФОТ); ","100 м2",1.1970000000000001,"321,53\n303,12","17,16\n10,18",384.87,362.83,"20,54\n12,19","35,83\n0,94","42,88851\n1,12518"]
[null,"04.3.02.05-0002","Смесь штукатурная «Ротбанд», КНАУФ","кг",1023.44,2.0699999999999998,null,2118.52]
[null,"14.3.01.01-0001","Грунтовка: «Бетоконтакт», КНАУФ","кг",15.777900000000001,15.09,null,238.09]
["34","ФЕР15-04-025-08","Улучшенная окраска масляными составами по штукатурке стен\n{Прил. прик. Минстроя № 1028/пр от 29.12.2016 г. п.8.7.1 (К Кзтр=1.15; Кзтм=1.25; Квэм=1.25)}\nНР: (95,00/80,00% от ФОТ); \nСП: (47,00/42,00% от ФОТ); ","100 м2",1.1970000000000001,"1 240,43\n532,06","9,43\n1,78",1484.78,636.87,"11,28\n2,12","58,6615\n0,15","70,21782\n0,17955"]
[null,"14.3.02.01-0302","Краска высокогибкая эластичная тип \"Оптимист\" резиновая (прим.), цвет беж.","т",2.1989999999999999E-2,43956.3,null,966.55]
["35","ФЕРр56-1-1","Демонтаж оконных коробок в каменных стенах с отбивкой штукатурки в откосах\nНР: (82,00/70,00% от ФОТ); \nСП: (62,00/56,00% от ФОТ); ","100 шт",0.01,"1 125,15\n1 051,72","73,43\n9,45",11.25,10.52,"0,73\n0,09","128,73\n0,7","1,2873\n0,007"]
[null,"01.7.07.07","Строительный мусор","т",0.1066,0,null,0]
["36","ФЕРр56-2-1","Снятие оконных переплетов неостекленных\nНР: (82,00/70,00% от ФОТ); \nСП: (62,00/56,00% от ФОТ); ","100 м2",1.8700000000000001E-2,"280,14\n265,14","15,00\n6,48",5.24,4.96,"0,28\n0,12","33,06\n0,48","0,61822\n0,00898"]
[null,"01.7.07.07","Строительный мусор","т",4.7120000000000002E-2,0,null,0]
["37","ФЕР10-01-034-05","Установка в жилых и общественных зданиях оконных блоков из ПВХ профилей поворотных (откидных, поворотно-откидных) с площадью проема до 2 м2 двухстворчатых\n{Прил. прик. Минстроя № 1028/пр от 29.12.2016 г. п.8.7.1 (К Кзтр=1.15; Кзтм=1.25; Квэм=1.25)}\nНР: (106,00/90,00% от ФОТ); \nСП: (54,00/48,00% от ФОТ); ","100 м2",1.8700000000000001E-2,"13 391,36\n1 885,07","362,00\n81,46",250.42,35.25,"6,77\n1,52","215,6825\n6,6625","4,03326\n0,12459"]
[null,"11.3.02.01-0016","Блок оконный пластиковый двустворчатый, с глухой и поворотно-откидной створкой, двухкамерным стеклопакетом (32 мм), площадью до 2 м2","м2",1.87,3174.78,null,5936.84]
["38","ФЕР15-01-050-04","Облицовка оконных и дверных откосов декоративным бумажно-слоистым пластиком или листами из синтетических материалов на клее\n{Прил. прик. Минстроя № 1028/пр от 29.12.2016 г. п.8.7.1 (К Кзтр=1.15; Кзтм=1.25; Квэм=1.25)}\nНР: (95,00/80,00% от ФОТ); \nСП: (47,00/42,00% от ФОТ); ","100 м2",0.03,"1 801,98\n1 757,42","44,20\n8,60",54.06,52.72,"1,33\n0,26","191,4405\n0,725","5,74322\n0,02175"]
[null,"11.3.03.05-0015","Сэндвич-панели для откосов (наружные слои – листы из поливинилхлорида, внутреннее наполнение – вспененный пенополистирол) белые, ширина 2 м, длина 3,0 м, толщина 24 мм","м2",3.15,84.22,null,265.29000000000002]
["39","ФЕР10-01-035-01","Установка подоконных досок из ПВХ в каменных стенах толщиной до 0,51 м\n{Прил. прик. Минстроя № 1028/пр от 29.12.2016 г. п.8.7.1 (К Кзтр=1.15; Кзтм=1.25; Квэм=1.25)}\nНР: (106,00/90,00% от ФОТ); \nСП: (54,00/48,00% от ФОТ); ","100 м",0.01,"4 213,95\n207,86","13,89\n2,85",42.14,2.08,"0,14\n0,03","24,3685\n0,2375","0,24369\n0,00238"]
[null,"11.3.03.01-0008","Доски подоконные ПВХ, шириной 450 мм","м",1,55.75,null,55.75]
["40","ФЕРр58-20-1","Смена обделок из листовой стали (поясков, сандриков, отливов, карнизов) шириной до 0,4 м\nНР: (83,00/71,00% от ФОТ); \nСП: (65,00/59,00% от ФОТ); ","100 м",0.01,"454,41\n353,23","5,13\n1,54",4.54,3.53,"0,05\n0,02","41,41\n0,12","0,4141\n0,0012"]
[null,"01.7.07.07","Строительный мусор","т",2.2399999999999998E-3,0,null,0]
[null,"08.1.02.03-0021","Водоотлив оконный шириной планки 200 мм из оцинкованной стали с полимерным покрытием","п.м",1,26.41,null,26.41]
["41","ФЕРр65-19-2","Демонтаж радиаторов весом до 160 кг\nНР: (74,00/63,00% от ФОТ); \nСП: (50,00/45,00% от ФОТ); ","100 шт",0.06,"1 362,87\n1 243,46","119,41\n51,57",81.77,74.61,"7,16\n3,09","158\n3,82","9,48\n0,2292"]
["42","ФЕРр65-1-1","Разборка трубопроводов из водогазопроводных труб диаметром до 32 мм\nНР: (74,00/63,00% от ФОТ); \nСП: (50,00/45,00% от ФОТ); ","100 м",0.372,"328,71\n288,02","7,09\n1,35",122.28,107.14,"2,64\n0,50","34,66\n0,1","12,89352\n0,0372"]
[null,"01.7.07.07","Строительный мусор и масса возвратных материалов","т",8.1839999999999996E-2,0,null,0]
["43","ФЕР16-04-005-03","Прокладка внутренних трубопроводов водоснабжения и отопления из полипропиленовых труб 32 мм\n{Прил. прик. Минстроя № 1028/пр от 29.12.2016 г. п.8.7.1 (К Кзтр=1.15; Кзтм=1.25; Квэм=1.25)}\nНР: (115,00/98,00% от ФОТ); \nСП: (71,00/63,00% от ФОТ); ","100 м",0.372,"1 359,63\n839,27","490,24\n0,33",505.78,312.20999999999998,"182,37\n0,12","88,251\n0,025","32,82937\n0,0093"]
[null,"24.1.02.01-0005","Хомут FGRS системы крепежа трубопроводов, размером 32-37 мм","10 шт.",3.8,114.2,null,433.96]
[null,"24.3.02.01-0004","Трубопроводы напорные из полипропилена PPRS с гильзами и креплениями для холодного и горячего водоснабжения PN10 SDR 11, диаметром 32 мм, толщина стенки 2,9 мм","м",37.572000000000003,9.91,null,372.34]
["44","ФЕР16-04-005-01","Прокладка внутренних трубопроводов водоснабжения и отопления из полипропиленовых труб 20 мм\n{Прил. прик. Минстроя № 1028/пр от 29.12.2016 г. п.8.7.1 (К Кзтр=1.15; Кзтм=1.25; Квэм=1.25)}\nНР: (115,00/98,00% от ФОТ); \nСП: (71,00/63,00% от ФОТ); ","100 м",7.0000000000000007E-2,"1 683,58\n1 060,29","585,33\n0,11",117.85,74.22,"40,97\n0,01","111,4925\n0,0125","7,80448\n0,00088"]
[null,"24.1.02.01-0003","Хомут FGRS системы крепежа трубопроводов, размером 20-24 мм","10 шт.",0.7,96.9,null,67.83]
[null,"24.3.02.01-0002","Трубопроводы напорные из полипропилена PPRS с гильзами и креплениями для холодного и горячего водоснабжения PN10 SDR 11, диаметром 20 мм, толщина стенки 1,9 мм","м",0.70350000000000001,4.5999999999999996,null,3.24]
[null,"18.1.09.07-0021","Кран шаровый полипропиленовый PPRC PN20, диаметром 20 мм","шт.",12,35.64,null,427.68]
[null,"18.1.09.07-0023","Кран шаровый полипропиленовый PPRC PN20, диаметром 32 мм","шт.",4,59.45,null,237.8]
["45","ФЕР18-03-001-02","Установка радиаторов стальных\n{Прил. прик. Минстроя № 1028/пр от 29.12.2016 г. п.8.7.1 (К Кзтр=1.15; Кзтм=1.25; Квэм=1.25)} \n[72*0,195/100]\nНР: (115,00/98,00% от ФОТ); \nСП: (71,00/63,00% от ФОТ); ","100 кВт",0.14000000000000001,"2 078,68\n676,69","240,73\n48,44",291.02,94.74,"33,70\n6,78","75,44\n3,9125","10,5616\n0,54775"]
[null,"18.5.10.04-0025","Радиаторы алюминиевые, марка «CLAN-500», количество секций 1, мощность 195 Вт","шт.",72,149.06,null,10732.32]
[null,null,"Итого ПЗ по разделу 2:",null,null,null,null,37404.89,3632.05,"543,01\n76,08",null,"403,22\n6,30"]
[null,null,"Итого по разделу 2:",null,null,null,null,37404.89,3632.05,"543,01\n76,08",null,"403,22\n6,30"]
[null,null,"Накладные расходы",null,null,null,null,3512.37]
[null,null,"Сметная прибыль",null,null,null,null,1950.48]
[]
[]
[null,null,null,null,null,null,null,"в базовых ценах"]
[null,null,"Итого ПЗ по смете:",null,null,null,null,71867.53,7974.24,"821,50\n121,46",null,"894,63\n10,11"]
[null,null,"ФОТ",null,null,null,null,8095.7]
[null,null,"(зарплата основная)",null,null,null,null,7974.24]
[null,null,"(зарплата машинистов)",null,null,null,null,121.46]
[null,null,"Эксплуатация машин",null,null,null,null,821.5]
[null,null,"Материалы",null,null,null,null,13110.47]
[null,null,"Основные материалы",null,null,null,null,49961.32]
[null,null,"Накладные расходы",null,null,null,null,7325.93]
[null,null,"Сметная прибыль",null,null,null,null,4279.6499999999996]
[null,null,"Итого по смете",null,null,null,null,83473.11]
[null,null,"Договорная цена",null,null,null,null,null,600821.88]
[null,"П=18%;","НДС 18%",null,null,null,null,null,108147.94]
[null,null,"Всего по смете",null,null,null,null,null,708969.82]
["Составил:"]
["________________________"]
[]
[]
["Проверил:"]
["________________________"]

{"sheet":"Лист1","index":1,"n_rows":0,"n_cols":0,"rows_kept":0,"cut":false,"hidden":false,"merged":[]}